Storia della letteratura italiana

Gorde:
Xehetasun bibliografikoak
Egile nagusia: Sanctis, Francesco de (Egilea)
Formatua: Liburua
Hizkuntza:italiera
Argitaratua: Verona Arnoldo Mondadori 1961
Gaiak:
Etiketak: Etiketa erantsi
Etiketarik gabe, Izan zaitez lehena erregistro honi etiketa jartzen!

MARC

LEADER 00000nam a2200000 a 4500
001 UCO5464
003 CL-VaPUC
008 000901e19610000IT |||||||||||||||||ita|d
082 0 4 |a 850.9  |b DES  |2 21 
100 |a Sanctis, Francesco de  |e author  |9 296603 
245 1 0 |a Storia della letteratura italiana 
300 |a 596 p 
942 |c BK 
945 |d 20000901 00:00:00  |a crobeson 
260 |a Verona  |b Arnoldo Mondadori  |c 1961 
650 0 |a Literatura italiana  |9 266970 
650 0 |a Historia y crítica   |9 257407 
650 7 |a POESIA ITALIANA  |2 CL-VaPUC  |9 336930 
650 7 |a DRAMA ITALIANO  |2 CL-VaPUC  |9 345074 
650 7 |a NOVELA ITALIANA  |2 CL-VaPUC  |9 307250 
650 0 |a Ensayo italiano  |9 450191 
583 |a last modification  |c 20000901 00:00:00  |k Rodrigo Vera 
999 |c 291322  |d 291320 
952 |0 0  |1 0  |4 0  |6 850_900000000000000_DES_1961  |7 0  |8 A  |9 341141  |a BIBART  |b BIBART  |d 2019-11-20  |i 1220624  |o 850.9 DES 1961  |p 1220624  |r 2025-03-13  |w 2019-11-20  |y BK  |k ART